000
00323nam a2200133Ia 4500
008
190216s9999||||xx |||||||||||||| ||und||
100
_a
Eric John Holmyard
245
3
_a
An Introduction To Organic Chemistry
250
_a
1st Ed.
260
_b
Edward Arnold Ltd
_c
1960
300
_a
280
650
_a
Chemistry
942
_c
BK
999
_c
1968
_d
1968